| 000 | 00804nam a2200289 a 4500 | ||
|---|---|---|---|
| 003 | AR-BaBNM | ||
| 005 | 20251128203631.0 | ||
| 008 | 082120s2002 ||||||||||||||000 | spa|| | ||
| 040 | _cAR-BaBNM | ||
| 245 | 0 | 0 |
_aAntología del cuento moderno venezolano _b1895-1935. 1 |
| 260 |
_aCaracas _bBiblioteca Venezolana de Cultura _c1940 |
||
| 300 | _a352 p. | ||
| 490 | 0 | _aAntologías | |
| 650 | 4 | _aLITERATURA LATINOAMERICANA | |
| 650 | 4 | _aANTOLOGIAS | |
| 650 | 4 | _aESCRITORES | |
| 650 | 4 | _aLITERATURA CONTEMPORANEA | |
| 650 | 4 | _aCULTURAS LITERARIAS | |
| 653 | _aNARRATIVA | ||
| 653 | _aLITERATURA VENEZOLANA | ||
| 653 | _aREVISTAS LITERARIAS | ||
| 655 | _aLITERATURA | ||
| 700 | 1 |
_aUslar Pietri, Arturo _ecompilador |
|
| 700 | 1 |
_aPadrón, Julián _ecompilador |
|
| 942 | _cBK | ||
| 998 | _cMARTIN | ||
| 999 |
_c4250 _d4250 |
||